000 00348nam a2200145Ia 4500
005 20251222175931.0
008 251222s9999||||xx |||||||||||||| ||spa||
020 _a8479051140
082 _a823.8/H15
100 _aHaggard, Henry Ridder
245 0 _aLas Minas del Rey Salomón
250 _a1ra.ed.
264 _bEuroliber, S.A.
942 _cLIB
999 _c41048
_d41048